LEADER 01776nam a2200289 i 4500 001 000000191719 003 CaOOAMICUS 005 20210312115133.0 008 100824s1510 xx u000 u lat u 013 $a170289 040 $aSeMil$bita 245 10$aAepistolae, et in easdem Antonii Volsci commenataria quae antea multis in locis depravata legebantur ... per Hieronymum Lucensem diligentissime castigata .. 260 $aMilano :$bper Leonhard Pachel,$c1510, 23 aprile. 260 $a[S.l.] :$bopera et impensa Joannis Jacobi et fratrum de Legnano,$c1510, 23 aprile. 300 $a20,5 x 30 ;$ccc. 64 ;$cgr. e rom. 500 $aEd. : opera et impensa Joannis Jacobi et fratrum de Legnano. - Descrizione da : Incunaboli e Cinquecentine della Biblioteca del Seminario di Milano / catalogo a cura di Ubaldo Valentini, Milano 1981. - Numero di catalogo : 1178. 700 1 $aOvidius Naso, Publius,$d<43 a.C.-17 d.C.>.$0(OLS)http://semarc/name/1254 850 $aSeMil 852 $aSeMil$W1$xVenegono$y1$mFV.A IV 68$j224908$B142327$CSeMilBibl$Z2$F153885 $86 852 $aSeMil$W1$xVenegono$y1$mMM A 129$j224909$qCD-ROM: riproduzione integrale della Cinquecentina FV.A IV 68$B235871$CSeMilBibl$Z2$F235871 $8I 900 0 $aOvidio. 961 $aVolume che necessita di manutenzione (legatore) 996 $6245$aAepistolae, et in easdem Antonii Volsci commenataria quae antea multis in locis depravata legebantur ... per Hieronymum Lucensem diligentissime castigata ..$9(OLS)http://semarc/title/276235 996 $6260$a[S.l.] :$bopera et impensa Joannis Jacobi et fratrum de Legnano$9(OLS)http://semarc/publisher/50337 996 $6260$aMilano :$bper Leonhard Pachel$9(OLS)http://semarc/publisher/50338 LEADER 01236nam a2200253 i 4500 001 000000096560 003 CaOOAMICUS 005 20150325000000.0 008 150325s1864 xx u000 u fre u 013 $a68802 040 $aSeMil$bita 100 1 $aCrétineau-Joly, Jacques <1803-1875>.$0(OLS)http://semarc/name/14309 245 10$aMemoires du Cardinal Consalvi /$cJ. Crétineau-Joly. 250 $aNouvelle ed. illustrée / augmentée d'un fascicule inédit sur le Concile de 1811 / publiée par Jean-Emmanuel B. Drochon. 260 $aParis :$bMaison de la bonne presse,$cpref. 1864. 300 $aXL, 816 p., [1] c. di tav. :$britr. ;$c28 cm. 650 4$aConsalvi, Ercole - Diari e memorie.$0(OLS)http://semarc/subject/15014 700 1 $aDrochon, Jean Emmanuel.$0(OLS)http://semarc/name/36567 700 1 $aConsalvi, Ercole,$c.$0(OLS)http://semarc/name/36566 850 $aSeMil 852 $aSeMil$W1$xVenegono$y1$m3D V 78 FA$j56159$B56159$CSeMilBibl$Z2$F64161 $8I 961 $aLascito: Giobbi Adolfo, prof. 996 $6245$aMemoires du Cardinal Consalvi$9(OLS)http://semarc/title/119474 996 $6260$aParis :$bMaison de la bonne presse$9(OLS)http://semarc/publisher/35646